000
00265nam a2200097Ia 4500
001
1208193
005
20250827022841.0
008
250824s9999 xx 000 0 und d
245
0
_a
BU YALNIZLIK BANA FAZLA BÖLÜŞELİM Mİ
_c
MURAT TAVLI
260
_b
DESTEK YAYINLARI
999
_c
1208193
_d
1208193